000 00714nam a2200217 a 4500
001 73473
003 BD-RjUL
005 20211209082411.0
008 170601s1954 ne 1 0 eng d
035 _a(BD-RjUL)73691
040 _aNUN
_beng
_cNUN
_dBD-RjUL
041 _aeng
082 0 4 _a631.4913
_223
_bMOT 1959
100 1 _aMohr, Edward Carl Julius.
_9217379
245 1 0 _aTropical soils :
_ba critical study of soil genesis as related to climate, rock and vegetation /
_c by E.C.J.Mohr and F.A. van Baren.
260 _aThe Hague :
_bVan Hoeve,
_c1954 [impression 1959]
300 _a498 p. :
_bill. ;
_c23 cm.
650 0 _aTropical soils.
_9217380
700 1 _aBaren, F. A. van,.
_9144955
942 _2ddc
_cBK
999 _c73473
_d73473